000 00341nam a2200133Ia 4500
005 20260328101454.0
008 260328s9999||||xx |||||||||||||| ||und||
100 _aMacaulay, David
245 0 _aNacimiento de una Ciudad Moderna :
_b El subsuelo /
_cDavid Macaulay
260 _bTimun Mas
300 _a109 p.
650 _aCIUDAD
942 _cBK
999 _c8776
_d8776